00672nam a2200169 a 450000100100000000500170001000800410002704000250006808200150009310000300010824500940013824600360023226000740026830000300034295201130037299900170048500003601620200930074813.0111123s1996 dr 000 0 spa d aDO-SdBNPbspacBNPHU axxxxbD1861 aGonzález, Danilo96205410aDanilo González :bpinturas, esculturas, dibujos, grabados, instalaciones, cerámicas.14aDanilo González :bhumanismo. aSanto Domingo :bAsociación Dominicana de Crítico de Arte,c1996. a[10 p.] :bils. ;c24 cm. 0010718PDaPDbPDcHDd2011-11-23iLF1l0oxxxx D186p36016-10r2020-06-25w2020-06-25yLFPDZNo se presta c35507d35507